000 00768nam a22002057a 4500
999 _c17468
_d17468
003 AR-CdUCM
008 190508b ||||| |||| 00| 0 spa d
040 _aMUNICIPALIDAD PROVINCIAL DEL CUSCO
_cBIBLIOTECA MUNICIPAL DEL CUSCO
082 _a630.24 /
_bG49
100 _aGiron, Ramon B.
_937504
245 _aEl agricultor :
_bQuimica y Geologia Agricolas /
260 _aBarcelona :
_bBaseda,
300 _a174 paginas ;
_c20 cm.
505 _aContenido: Nomenclatura -- Elementos constitutivos de las plantas y los animales -- Mejoramientos -- Agotamiento de los sueldos -- Germinación de los granos -- Los abonos...
650 _aAgricultor
_937505
650 _aQuimica
_94512
650 _aGeologia
_917044
942 _2ddc
_cLIBROS
945 _apjha
_d2019-05-08